Discurso leído por Don Antonio Alcalá Galiano, académico de número, sobre los principios tradicional y racional, y sus respectivas ventajas y desventajas. (Record no. 21434)

MARC details
000 -LEADER
campo de control de longitud fija 00877nam a2200217 i 4500
001 - NÚMERO DE CONTROL
campo de control 21434
003 - IDENTIFICADOR DE NÚMERO DE CONTROL
campo de control ES-MaACL
005 - FECHA Y HORA DE LA ÚLTIMA TRANSACCIÓN
campo de control 20250809062546.0
007 - CAMPO FIJO DE DESCRIPCIÓN FÍSICA--INFORMACIÓN GENERAL
campo de control de longitud fija t|
008 - DATOS DE LONGITUD FIJA--INFORMACIÓN GENERAL
campo de control de longitud fija 021125q1862 sp ||||1| spa d
080 ## - NÚMERO DE LA CLASIFICACIÓN DECIMAL UNIVERSAL
Número de la Clasificación Decimal Universal 340.12
100 1# - ENTRADA PRINCIPAL--NOMBRE DE PERSONA
Nombre de persona Alcalá Galiano, Antonio,
Fechas asociadas al nombre 1789-1865
9 (RLIN) 19459
245 10 - MENCIÓN DEL TÍTULO
Título Discurso leído por Don Antonio Alcalá Galiano, académico de número, sobre los principios tradicional y racional, y sus respectivas ventajas y desventajas.
260 ## - PUBLICACIÓN, DISTRIBUCIÓN, ETC.
Lugar de publicación, distribución, etc. [Madrid :
Nombre del editor, distribuidor, etc. Academia de Ciencias Morales y Políticas,
Fecha de publicación, distribución, etc. 1862]
300 ## - DESCRIPCIÓN FÍSICA
Extensión [17]-54 p. ;
Dimensiones 24 cm.
505 8# - NOTA DE CONTENIDO CON FORMATO
Nota de contenido con formato Contiene: Discurso, p. [17]-38 . Donativos de libros de los señores académicos de número, p. [39]-54
650 #4 - PUNTO DE ACCESO ADICIONAL DE MATERIA--TÉRMINO DE MATERIA
Término de materia o nombre geográfico como elemento de entrada Derecho-
Subdivisión general Filosofía
9 (RLIN) 11620
710 2# - ENTRADA AGREGADA--NOMBRE DE ENTIDAD CORPORATIVA
Nombre de entidad corporativa o nombre de jurisdicción como elemento de entrada Real Academia de Ciencias Morales y Políticas (España)
9 (RLIN) 222050
852 4# - LOCALIZACIÓN
Ubicación ES-MaACL
Número de control de estantería T-61-F-8
Holdings
Estatus retirado Estado de pérdida Estado de daño No para préstamo Colección Biblioteca de origen Biblioteca actual Ubicación en estantería Fecha de adquisición Fuente de adquisición Total de préstamos Signatura topográfica completa Código de barras Visto por última vez Precio de reemplazo Tipo de ítem Koha
        Colección de folletos Biblioteca del Ateneo de Madrid Biblioteca del Ateneo de Madrid Depósito folletos 17/01/2008     T-61-F-8 1022025 23/02/2023 23/02/2023 Folleto